| 000 | 00959cab a2200277 4500 | ||
|---|---|---|---|
| 001 | WB3246-20 | ||
| 008 | 090401t1996 xxu||||| |||| 00| 0 eng d | ||
| 035 | _a(Sirsi) u64329 | ||
| 041 | _aeng | ||
| 245 | _aRent review | ||
| 260 | _c1996 | ||
| 350 | _a0 | ||
| 490 |
_aEstates Gazette Case Summaries _v1996 EGCS 185 (30/11/96) |
||
| 520 | _a"Daejan Properties Ltd v Holmes" Chd 15 November 1996. An improvement allowed to be carried by the lessee under the lessor`s licence could not bee disregarded at rent review despite a clause that voluntary improvement effected by the tenant should be disregarded. | ||
| 650 | _aALTERATIONS | ||
| 650 | _aCOVENANT AGAINST ALTERATIONS | ||
| 650 | _aDISREGARDS | ||
| 650 | _aLICENCES | ||
| 650 | _aPROHIBITION | ||
| 650 | _aRENT REVIEWS | ||
| 650 | _aRESTRICTIVE CLAUSES | ||
| 650 | _aTENANTS IMPROVEMENTS | ||
| 690 | _aLANDLORD AND TENANT-CASE LAW-RENT REVIEWS | ||
| 942 | _n0 | ||
| 948 | _c04/03/1997 | ||
| 999 |
_c40061 _d40061 |
||